| 000 | 00452nam a2200205Ia 4500 | ||
|---|---|---|---|
| 001 | 12896 | ||
| 003 | GE_BSU | ||
| 008 | 181216s||||||||xx |||||||||||||| ||und|| | ||
| 020 | _a9780099503156 | ||
| 040 | _cGE_BSU | ||
| 080 | _a821.111-32 | ||
| 100 | _aFlynn,Katie. | ||
| 245 | _aSunshine and Shadows. | ||
| 260 | _aLondon. | ||
| 260 | _bMixed Sources. | ||
| 260 | _c2008 | ||
| 300 | _a486p;18cm. | ||
| 653 | _aSunshine and Shadows. | ||
| 942 | _cBK | ||
| 999 |
_c46066 _d46066 |
||